Statystyki dla Kraje które...?

Kliknij tutaj aby rozwiązać quiz!

Ogólne statystyki

  • Ten quiz został rozwiązany 1 484 razy
  • Średni wynik to 10 z 15

Statystyki odpowiedzi

PytanieKraj - Państwo% Poprawnych
Kraj który łączy Walie Anglie Szkocje i Irlandie Północną.Wielka Brytania
96%
Kraj który ma stolice Warszawe.Polska
91%
Państwo które ma prezydenta Donald Trump.Stany Zjednoczone
89%
Państwo które ma Stolice Moskwe.Rosja
87%
Kraj który wytworzył albo odkrył wirusa "Wuhan"Chiny
85%
Kraj który jest najmniejszy na świecie.Watykan
83%
Kraj który ma najwięcej żydów.Izrael
78%
Kraj który leży na środkowej skandynawii.Szwecja
78%
Państwo które jest neutralne.Szwajcaria
68%
Kraj który był kolonią angielską w Ameryce Północnej.Kanada
67%
Państwo które jest największe spod zględem popularnośći.Indie
54%
Wyspa która jest koło Indii i Sri Lanki.Malediwy
46%
Państwo które ma stolice Islambad.Pakistan
46%
Państwo które miał najwięcej trzęsień ziemi.Indonezja
29%
Wyspa która jest najmniejsza spod zględem km2.Nauru
23%

Rozkład punktacji

Percentyl według liczby udzielonych odpowiedzi

Procent ludzi z każdym wynikiem

Twoja historia wyników

Nie rozwiązałeś tego quizu